ბათუმის შოთა რუსთაველის სახელმწიფო უნივერსიტეტის ბიბლიოთეკა

Русский язык : 5 элементов. Диагностические тесты / (ბიბ.ჩანაწერი № 50558)

000 -LEADER
fixed length control field 01831nam a2200253Ia 4500
001 - CONTROL NUMBER
control field 17508
003 - CONTROL NUMBER IDENTIFIER
control field GE_BSU
005 - DATE AND TIME OF LATEST TRANSACTION
control field 20200213150459.0
008 - FIXED-LENGTH DATA ELEMENTS--GENERAL INFORMATION
fixed length control field 181216s2014 xx |||||||||||||| ||rus||
020 ## - INTERNATIONAL STANDARD BOOK NUMBER
International Standard Book Number 978-5-86547-445-6
040 ## - CATALOGING SOURCE
Transcribing agency GE_BSU
041 ## - LANGUAGE CODE
Language code of text/sound track or separate title rus
080 ## - UNIVERSAL DECIMAL CLASSIFICATION NUMBER
Universal Decimal Classification number 811.161.1 Э-84
100 ## - MAIN ENTRY--PERSONAL NAME
Personal name Эсмантова, Татьяна.
9 (RLIN) 7072
245 ## - TITLE STATEMENT
Title Русский язык : 5 элементов. Диагностические тесты /
Statement of responsibility, etc. Татьяна Эсмантова ; Ред . И.В.Евстратова.
250 ## - EDITION STATEMENT
Edition statement 4-е издание
264 ## - PRODUCTION, PUBLICATION, DISTRIBUTION, MANUFACTURE, AND COPYRIGHT NOTICE
Place of production, publication, distribution, manufacture Санкт-Петербург :
Name of producer, publisher, distributor, manufacturer Златоуст,
Date of production, publication, distribution, manufacture, or copyright notice 2014.
300 ## - PHYSICAL DESCRIPTION
Extent 20 стр.:
Dimensions 27 см.
653 ## - INDEX TERM--UNCONTROLLED
keyword Данные тесты представляют собой матричные многоуровневые тесты с возрастающей сложностью вопросов. Их особенностями являются: "встроенная" в корпус теста рабочая матрица, совмещаемая при проверке с прозрачной контрольной матрицей, ориентация теста на общеевропейские компетенции и на конкретный учебн
653 ## - INDEX TERM--UNCONTROLLED
keyword комплекс ("Русский язык: пять элементов"), шкала определения уровня тестируемого по итоговому баллу и др. Это делает тест гибким и современным инструментом диагностики и контроля знаний, изучающих русский язык как иностранный.
653 ## - INDEX TERM--UNCONTROLLED
keyword რუსული ენა
700 ## - ADDED ENTRY--PERSONAL NAME
Personal name Евстратова, И.В.
Relator term რედაქტორი
9 (RLIN) 7062
942 ## - ADDED ENTRY ELEMENTS (KOHA)
Koha item type წიგნი
Source of classification or shelving scheme
ეგზემპლარები
Withdrawn status Lost status Source of classification or shelving scheme Damaged status Not for loan Permanent Location Current Location Shelving location Date acquired Cost, normal purchase price Full call number Barcode Date last seen Copy number Price effective from Koha item type Public note
          ბათუმის შოთა რუსთაველის სახელმწიფო უნივერსიტეტის მთავარი ბიბლიოთეკა ბათუმის შოთა რუსთაველის სახელმწიფო უნივერსიტეტის მთავარი ბიბლიოთეკა წიგნსაცავი 2018-12-17 18.00 811.161.1 Э-84 45586 2018-12-17 45586 2018-12-17 წიგნი 18л.